| 000 | 02173nam0a2200373 4500 | ||
|---|---|---|---|
| 001 | RU\NLR\BIBL_A\010879131 | ||
| 005 | 20250624193951.0 | ||
| 010 |
_a978-5-8042-0425-0 _9400 |
||
| 021 |
_aRU _b2015-76073 _94590 |
||
| 035 | _a(NILC)RuMoRGB-008033256 | ||
| 035 | _a(NLR Aleph) 010879131 | ||
| 090 |
_a10495578 _c10495578 |
||
| 100 | _a20151030d2015 |||y0rusy50 ca | ||
| 101 | 0 | _arus | |
| 102 | _aRU | ||
| 105 | _aach|z|||001cd | ||
| 200 | 1 |
_aЧеловек во власти _eруководители Сургутского района в 1924-2014 годах _eсборник очерков _fМуниципальное казённое учреждение культуры "Сургутская районная централизованная библ. система", Центральная район. б-ка им. Г. А. Пирожникова, Отд. краеведческой лит. и библиогр. _g[сост.: Г. В. Кондрякова _gлит. ред.: З.С.Сенькина] |
|
| 210 |
_aСургут _c[б. и.] _aОмск _cОмскбланкиздат _d2015 |
||
| 215 |
_a99 с. _cцв. ил., портр., факс. _d22 |
||
| 300 | _aУказатели: с. 96-99 | ||
| 333 | _a12+ | ||
| 517 | 1 | _aРуководители Сургутского района в 1924-2014 годах | |
| 607 |
_aСургутский район (Ханты-Мансийский автономный округ-Югра) _xИстория _xДеятели _92147140 _3RU\NLR\AUTH\661598123 |
||
| 675 | _a94(47) | ||
| 686 | 1 | _aТ3(2Р-4Тю-6Х)7-8 | |
| 702 | 1 |
_aСенькина _bЗ. С. _gЗоя Сергеевна _4340 |
|
| 702 | 1 |
_aКондрякова _bГ. В. _gГалина Владимировна _4220 |
|
| 712 | 0 | 2 |
_4570 _aЦентральная районная библиотека им. Г. А. Пирожникова _bОтдел краеведческой литературы и библиографии _cСургут _9388757 _3RU\NLR\AUTH\880360839 |
| 801 | 0 |
_aRU _bРГБ _c20151002 _gRCR |
|
| 942 | _cBOOK | ||
| 980 | _aNBR | ||
| 980 | _aNB | ||